00441cam a2200181ua 4500001000500000005001700005008003900022020001500061040000900076041000800085082001000093100002700103245006200130250000900192260002800201300001300229653001700242874120260515114355.0150213n xxk |||gr||||Z||||||eng a0194312844 cMAIN aeng a413.1 aCowie, A. P.,eEditor.1 aOxford dictionary of phrasal verbscEdited by A. P. Cowie a1st. aLondon:bOxford,c2001. axx,520p. aDictionaries